[Event "Hum na Sutli op 15th"]
[Site "Hum na Sutli"]
[Date "2023.08.30"]
[Round "6"]
[White "Crnjakovic, Tom"]
[Black "Kozina, Zdenko"]
[Result "1/2-1/2"]
[WhiteElo "1534"]
[BlackElo "1882"]
[PlyCount "108"]
[EventDate "2023.08.26"]
[EventType "swiss"]
[EventRounds "9"]
[EventCountry "CRO"]
[SourceTitle "EXT 2024"]
[Source "ChessBase"]
[SourceDate "2023.10.10"]
[SourceVersion "1"]
[SourceVersionDate "2023.10.10"]
[SourceQuality "1"]

1. e4 e6 2. d4 d5 3. Nd2 Nf6 4. e5 Nfd7 5. Bd3 c5 6. c3 Nc6 7. Ne2 Qb6 8. Nf3 cxd4 9. cxd4 Qa5+ 10. Bd2 Bb4 11. 0-0 Nb6 12. a3 Bxd2 13. Nxd2 Nd7 14. b4 Qd8 15. f4 f6 16. Nb3 b6 17. Ng3 Qe7 18. Rc1 Bb7 19. b5 Nd8 20. Re1 fxe5 21. fxe5 0-0 22. Qh5 a6 23. Qg4 Nb8 24. Nh5 g6 25. Bxg6 hxg6 26. Qxg6+ Kh8 27. Qh6+ Kg8 28. Nf6+ Rxf6 29. exf6 Qh7 30. Qxh7+ Kxh7 31. Rc7+ Kg8 32. Re3 axb5 33. f7+ Nxf7 34. Rxb7 Nc6 35. Rg3+ Kf8 36. Rf3 Ncd8 37. Rxb6 Rxa3 38. Rxb5 Kg7 39. Nc5 Rxf3 40. gxf3 Kf6 41. Kf2 Nc6 42. Ke3 Nh6 43. Nb3 Nf5+ 44. Kd3 Nh4 45. Rb6 Nd8 46. Nd2 Kf5 47. Ra6 Nf7 48. Ra8 Ng6 49. Ke3 Ng5 50. Rg8 Nh3 51. Rxg6 Kxg6 52. Nb3 Kf5 53. Nc1 Nf4 54. Nd3 Ng6 1/2-1/2

[Event "Hum na Sutli op 15th"]
[Site "Hum na Sutli"]
[Date "2023.08.29"]
[Round "5"]
[White "Kozina, Zdenko"]
[Black "Vukosavic, Darko"]
[Result "1/2-1/2"]
[WhiteElo "1882"]
[BlackElo "1938"]
[PlyCount "86"]
[EventDate "2023.08.26"]
[EventType "swiss"]
[EventRounds "9"]
[EventCountry "CRO"]
[SourceTitle "EXT 2024"]
[Source "ChessBase"]
[SourceDate "2023.10.10"]
[SourceVersion "1"]
[SourceVersionDate "2023.10.10"]
[SourceQuality "1"]

1. d4 Nf6 2. Nf3 g6 3. g3 d5 4. Bg2 Bg7 5. c4 c6 6. cxd5 cxd5 7. Nc3 0-0 8. 0-0 e6 9. Bf4 Nc6 10. Rc1 Ne8 11. Qd2 Nd6 12. Bxd6 Qxd6 13. e3 Bd7 14. Rfd1 Qe7 15. Bf1 Rfd8 16. a3 Rac8 17. b4 Be8 18. Rc2 a6 19. Rdc1 Na7 20. Ne1 Rc6 21. Nd3 Rdc8 22. Nc5 Rb8 23. a4 Rcc8 24. b5 a5 25. e4 dxe4 26. N3xe4 Rd8 27. Nb3 b6 28. Bg2 Rbc8 29. Rxc8 Rxc8 30. Rxc8 Nxc8 31. Qc3 Qd8 32. Qc4 Ne7 33. Nc3 Nf5 34. Ne2 Bd7 35. d5 Qc8 36. Qd3 exd5 37. Bxd5 Be6 38. Nf4 Bxd5 39. Qxd5 Qb8 40. Qc6 Nd4 41. Nxd4 Bxd4 42. Nd5 Qd8 43. Kg2 Kg7 1/2-1/2

[Event "Krapina op 10th"]
[Site "Krapina"]
[Date "2020.01.16"]
[Round "1"]
[White "Kozina, Zdenko"]
[Black "Mlinaric, Simun"]
[Result "1-0"]
[WhiteElo "1931"]
[BlackElo "1422"]
[PlyCount "53"]
[EventDate "2020.01.16"]
[EventType "swiss"]
[EventRounds "7"]
[EventCountry "CRO"]
[SourceTitle "CBM 194 Extra"]
[Source "ChessBase"]
[SourceDate "2020.03.31"]
[SourceVersion "1"]
[SourceVersionDate "2020.03.31"]
[SourceQuality "1"]

1. d4 Nf6 2. c4 g6 3. Nc3 d5 4. cxd5 Nxd5 5. e4 Nxc3 6. bxc3 Bg7 7. Bc4 0-0 8. Ba3 Re8 9. Qb3 e6 10. Nf3 b6 11. 0-0 Bb7 12. d5 exd5 13. exd5 Ba6 14. Rad1 Bxc4 15. Qxc4 Qd7 16. Rfe1 Rxe1+ 17. Rxe1 Bf8 18. Ne5 Qe8 19. Bxf8 Kxf8 20. Nxg6+ hxg6 21. Rxe8+ Kxe8 22. Qxc7 Nd7 23. h4 a5 24. d6 Rb8 25. g4 Rd8 26. h5 gxh5 27. gxh5 1-0

[Event "Krapina op 9th"]
[Site "Krapina"]
[Date "2019.01.20"]
[Round "7"]
[White "Buhin, Denis"]
[Black "Kozina, Zdenko"]
[Result "1-0"]
[WhiteElo "1999"]
[BlackElo "1921"]
[PlyCount "59"]
[EventDate "2019.01.17"]
[EventType "swiss"]
[EventRounds "7"]
[EventCountry "CRO"]
[SourceTitle "CBM 188 Extra"]
[Source "ChessBase"]
[SourceDate "2019.02.26"]
[SourceVersion "1"]
[SourceVersionDate "2019.02.26"]
[SourceQuality "1"]

1. d4 d5 2. c4 e6 3. Nf3 Nf6 4. g3 c6 5. Bg2 Ne4 6. 0-0 Be7 7. Qc2 0-0 8. Nbd2 f5 9. Ne5 Nd7 10. Ndf3 g5 11. a3 Bf6 12. Rd1 Qe7 13. b4 g4 14. Nxd7 Bxd7 15. Ne5 Bxe5 16. dxe5 h5 17. Bf4 h4 18. Qc1 Be8 19. f3 hxg3 20. hxg3 gxf3 21. exf3 Bh5 22. Re1 Nxg3 23. Bxg3 Qg7 24. Kf2 Kh7 25. Rh1 Qg6 26. Qf4 Kg7 27. Bh4 dxc4 28. Bf6+ Rxf6 29. exf6+ Qxf6 30. Rad1 1-0

[Event "Krapina-ch 8th "]
[Site "Krapina"]
[Date "2018.01.21"]
[Round "7"]
[White "Kozina, Zdenko"]
[Black "Novak, Vjekoslav"]
[Result "1-0"]
[WhiteElo "1949"]
[BlackElo "1733"]
[PlyCount "59"]
[EventDate "2018.01.18"]
[EventType "swiss"]
[EventRounds "7"]
[EventCountry "CRO"]
[SourceTitle "EXT 2019"]
[Source "ChessBase"]
[SourceDate "2018.10.10"]
[SourceVersion "1"]
[SourceVersionDate "2018.10.10"]
[SourceQuality "1"]

1. d4 d6 2. c4 c6 3. Bg5 Qc7 4. Nc3 h6 5. Bh4 Bf5 6. e4 Bh7 7. Nf3 Nd7 8. Bg3 Ngf6 9. e5 Ng4 10. exd6 exd6 11. Bh4 Ngf6 12. h3 Be7 13. Bd3 Bxd3 14. Qxd3 0-0-0 15. 0-0 g5 16. Bg3 Nh5 17. Bh2 Ng7 18. Rfe1 Nf8 19. Rac1 Kb8 20. d5 f5 21. c5 Ng6 22. dxc6 Nf4 23. Bxf4 gxf4 24. Nb5 Qxc6 25. Rxe7 dxc5 26. Qc4 Nh5 27. Ne5 Qb6 28. Nd7+ Rxd7 29. Rxd7 Ng3 30. Qxf4+ 1-0

[Event "Krapina op 6th"]
[Site "Krapina"]
[Date "2016.01.24"]
[Round "6"]
[White "Kozina, Zdenko"]
[Black "Skupnjak, Milan"]
[Result "1-0"]
[WhiteElo "1947"]
[BlackElo "1949"]
[PlyCount "59"]
[EventDate "2016.01.21"]
[EventType "swiss"]
[EventRounds "7"]
[EventCountry "CRO"]
[SourceTitle "CBM 170 Extra"]
[Source "ChessBase"]
[SourceDate "2016.02.25"]
[SourceVersion "1"]
[SourceVersionDate "2016.02.25"]
[SourceQuality "1"]

1. d4 d5 2. c4 e6 3. e3 Nf6 4. Nf3 Bb4+ 5. Bd2 Bxd2+ 6. Nbxd2 c6 7. Bd3 g6 8. e4 dxe4 9. Nxe4 Nxe4 10. Bxe4 0-0 11. Qd2 Kg7 12. h4 f5 13. Bc2 h5 14. 0-0-0 Nd7 15. Rhe1 Nf6 16. Ng5 Re8 17. Qc3 Kg8 18. Re5 Nh7 19. Nf3 Bd7 20. Rde1 Qf6 21. c5 b6 22. Bb3 Kf7 23. Qe3 b5 24. Qh6 Kg8 25. R5e2 Re7 26. Ne5 Be8 27. Nxc6 Nf8 28. Nxe7+ Qxe7 29. Rxe6 Nxe6 30. Rxe6 1-0

[Event "Krapina op 6th"]
[Site "Krapina"]
[Date "2016.01.23"]
[Round "4"]
[White "Kozina, Zdenko"]
[Black "Vurusic, Mihael"]
[Result "1-0"]
[WhiteElo "1947"]
[BlackElo "1765"]
[PlyCount "105"]
[EventDate "2016.01.21"]
[EventType "swiss"]
[EventRounds "7"]
[EventCountry "CRO"]
[SourceTitle "CBM 170 Extra"]
[Source "ChessBase"]
[SourceDate "2016.02.25"]
[SourceVersion "1"]
[SourceVersionDate "2016.02.25"]
[SourceQuality "1"]

1. d4 Nf6 2. c4 e5 3. dxe5 Ng4 4. Nf3 Nc6 5. Bg5 Be7 6. Bf4 Bb4+ 7. Nbd2 Qe7 8. a3 Bxd2+ 9. Qxd2 Ngxe5 10. Nxe5 Nxe5 11. e3 d6 12. Be2 Bd7 13. 0-0 0-0 14. Rfd1 Bc6 15. Qc3 Ng6 16. Bg3 f5 17. Bf1 f4 18. exf4 Nxf4 19. Re1 Qf7 20. c5 Nh5 21. cxd6 cxd6 22. Rad1 Nxg3 23. Qxg3 d5 24. b4 a6 25. Be2 Rad8 26. Bf3 Qf4 27. Qxf4 Rxf4 28. Re5 Rdf8 29. Rd2 Rc4 30. Bxd5+ Bxd5 31. Rexd5 Rc1+ 32. Rd1 Rc2 33. f3 Ra2 34. R5d3 Re8 35. R1d2 Re1+ 36. Kf2 Rea1 37. Rxa2 Rxa2+ 38. Kg3 b5 39. h4 Kf8 40. f4 Ke7 41. Kf3 h5 42. g3 Ke6 43. Ke4 Re2+ 44. Re3 Rd2 45. Rc3 Re2+ 46. Kf3 Rd2 47. Rc6+ Rd6 48. Rxd6+ Kxd6 49. g4 Ke6 50. gxh5 Kf5 51. Kg3 Ke6 52. Kg4 Kf6 53. f5 1-0

[Event "Zagreb op"]
[Site "Zagreb"]
[Date "2015.04.17"]
[Round "1"]
[White "Sertic, Rudolf"]
[Black "Kozina, Zdenko"]
[Result "1-0"]
[WhiteElo "2370"]
[BlackElo "1951"]
[PlyCount "83"]
[EventDate "2015.04.17"]
[EventType "swiss"]
[EventRounds "9"]
[EventCountry "CRO"]
[SourceTitle "CBM 166 Extra"]
[Source "ChessBase"]
[SourceDate "2015.06.18"]
[SourceVersion "1"]
[SourceVersionDate "2015.06.18"]
[SourceQuality "1"]

1. d4 d5 2. c4 e6 3. Nc3 Nf6 4. cxd5 exd5 5. Bg5 Be7 6. e3 0-0 7. Qc2 Bg4 8. Bd3 Nbd7 9. h3 Bh5 10. f4 h6 11. Bxf6 Nxf6 12. f5 Re8 13. g4 Nxg4 14. hxg4 Bh4+ 15. Kd2 Bxg4 16. Nh3 Bxh3 17. Rxh3 Qg5 18. Be2 c5 19. Qd3 c4 20. Qc2 Bf2 21. Nxd5 Rad8 22. Qxc4 Rxd5 23. Qxd5 Bxe3+ 24. Kc2 Bxd4 25. Bc4 Qf6 26. Rd1 Bxb2 27. Qxf7+ Qxf7 28. Bxf7+ Kxf7 29. Rd7+ Kf6 30. Kxb2 Re7 31. Rxe7 Kxe7 32. Rg3 Kf6 33. a4 a6 34. a5 h5 35. Kc3 h4 36. Rg4 h3 37. Rh4 Kxf5 38. Rxh3 g5 39. Kd2 g4 40. Rb3 Kf4 41. Ke2 g3 42. Rb4+ 1-0

[Event "Krapina op 2nd"]
[Site "Krapina"]
[Date "2012.06.29"]
[Round "4"]
[White "Kozina, Zdenko"]
[Black "Tisljar, Stjepan"]
[Result "0-1"]
[WhiteElo "1893"]
[BlackElo "2072"]
[PlyCount "76"]
[EventDate "2012.06.26"]
[EventType "swiss"]
[EventRounds "9"]
[EventCountry "CRO"]
[SourceTitle "EXT 2013"]
[Source "ChessBase"]
[SourceDate "2012.11.22"]
[SourceVersion "1"]
[SourceVersionDate "2012.11.22"]
[SourceQuality "1"]

1. d4 Nf6 2. c4 g6 3. Nc3 Bg7 4. e4 d6 5. Nf3 0-0 6. Be2 Nc6 7. d5 Ne5 8. Nxe5 dxe5 9. 0-0 e6 10. Bg5 h6 11. Bh4 g5 12. Bg3 Ne8 13. Rc1 f5 14. f3 exd5 15. cxd5 f4 16. Bf2 Rf7 17. Qb3 Nd6 18. Nb5 a6 19. Nxd6 cxd6 20. Bb6 Qf6 21. Rc3 h5 22. Rfc1 Bd7 23. Rc7 g4 24. Rxb7 Qh4 25. Ba5 g3 26. hxg3 fxg3 27. Qb6 Rxf3 28. Bxf3 Bb5 29. Qxb5 axb5 30. Rcc7 Bh6 31. Bd2 Bxd2 32. Rg7+ Kf8 33. Rgf7+ Ke8 34. Bxh5 Qh2+ 35. Kf1 Qh1+ 36. Ke2 Qxh5+ 37. Rf3 Bf4 38. a3 Qh1 0-1

[Event "Krapina op 2nd"]
[Site "Krapina"]
[Date "2012.06.28"]
[Round "3"]
[White "Kozina, Zdenko"]
[Black "Babic, Mladen"]
[Result "1-0"]
[WhiteElo "1893"]
[BlackElo "1911"]
[PlyCount "65"]
[EventDate "2012.06.26"]
[EventType "swiss"]
[EventRounds "9"]
[EventCountry "CRO"]
[SourceTitle "EXT 2013"]
[Source "ChessBase"]
[SourceDate "2012.11.22"]
[SourceVersion "1"]
[SourceVersionDate "2012.11.22"]
[SourceQuality "1"]

1. d4 d5 2. c4 dxc4 3. e3 b5 4. a4 Bd7 5. axb5 Bxb5 6. Nc3 c6 7. b3 e5 8. bxc4 exd4 9. exd4 Ba6 10. Nf3 Bb4 11. Bd2 Qe7+ 12. Qe2 Nf6 13. Qxe7+ Kxe7 14. Bd3 Re8 15. 0-0 Kf8 16. Rfb1 c5 17. d5 Bb7 18. Nb5 Na6 19. Nd6 Bxd2 20. Rxb7 Nb4 21. Bf5 Re7 22. Nxd2 a5 23. Rxe7 Kxe7 24. Nb7 a4 25. d6+ Kf8 26. d7 Nc6 27. Nxc5 Ra5 28. Be4 Nd8 29. Nb7 Nxb7 30. Bxb7 Ke7 31. Bc6 a3 32. Nb3 Ra7 33. Re1+ 1-0

[Event "Sentjur Ipavec Memorial-A 12th"]
[Site "Sentjur"]
[Date "2011.09.17"]
[Round "5"]
[White "Debevec, Blaz"]
[Black "Kozina, Zdenko"]
[Result "1/2-1/2"]
[WhiteElo "2084"]
[BlackElo "1896"]
[PlyCount "80"]
[EventDate "2011.09.14"]
[EventType "swiss"]
[EventRounds "9"]
[EventCountry "SLO"]
[SourceTitle "CBM 144 Extra"]
[Source "ChessBase"]
[SourceDate "2011.10.28"]
[SourceVersion "1"]
[SourceVersionDate "2011.10.28"]
[SourceQuality "1"]

1. e4 e6 2. d4 d5 3. Nc3 Nf6 4. Bg5 dxe4 5. Nxe4 Be7 6. Nxf6+ Bxf6 7. Bxf6 Qxf6 8. Nf3 0-0 9. Bd3 Nc6 10. 0-0 e5 11. dxe5 Nxe5 12. Nxe5 Qxe5 13. c3 Be6 14. Re1 Qf6 15. Qc2 h6 16. Re3 Rad8 17. a3 Rd5 18. Rae1 Rfd8 19. Qe2 Bf5 20. Bxf5 Qxf5 21. Re8+ Kh7 22. Rxd8 Rxd8 23. g3 Rd6 24. Qe4 Qxe4 25. Rxe4 Rb6 26. Rb4 Rxb4 27. axb4 Kg6 28. f3 Kf5 29. Kf2 Ke5 30. Ke3 g5 31. f4+ gxf4+ 32. gxf4+ Kf5 33. h3 h5 34. Kf3 b6 35. Ke3 Ke6 36. Ke4 f5+ 37. Kd4 c6 38. c4 Kd6 39. b5 cxb5 40. cxb5 Ke6 1/2-1/2

[Event "Sentjur Ipavec Memorial-A 12th"]
[Site "Sentjur"]
[Date "2011.09.17"]
[Round "4"]
[White "Kozina, Zdenko"]
[Black "Cretnik, Urban"]
[Result "1-0"]
[WhiteElo "1896"]
[BlackElo "1766"]
[PlyCount "120"]
[EventDate "2011.09.14"]
[EventType "swiss"]
[EventRounds "9"]
[EventCountry "SLO"]
[SourceTitle "CBM 144 Extra"]
[Source "ChessBase"]
[SourceDate "2011.10.28"]
[SourceVersion "1"]
[SourceVersionDate "2011.10.28"]
[SourceQuality "1"]

1. d4 Nf6 2. c4 c5 3. e3 g6 4. Nf3 Bg7 5. Bd3 cxd4 6. exd4 d5 7. Nc3 dxc4 8. Bxc4 0-0 9. h3 Nbd7 10. 0-0 Nb6 11. Bd3 Nbd5 12. Re1 e6 13. Ne5 Qc7 14. Bc4 Rd8 15. Bg5 Nxc3 16. bxc3 h6 17. Bd2 Nd5 18. Qb3 b6 19. Bxd5 Rxd5 20. Bf4 Qd8 21. Qc2 Bb7 22. Nxg6 Qf6 23. Be5 Qxg6 24. Qxg6 fxg6 25. Bxg7 Kxg7 26. Rxe6 Kf7 27. Rae1 Rd7 28. a3 Rc8 29. R1e3 Bd5 30. R6e5 Rc4 31. Re8 h5 32. g4 hxg4 33. hxg4 Rcc7 34. R8e5 Bb7 35. Rh3 Kg7 36. f4 Re7 37. Rhe3 Rxe5 38. fxe5 Bd5 39. Kf2 Rc4 40. g5 Ra4 41. e6 Kf8 42. Re5 Ra5 43. e7+ Ke8 44. Ke3 Bf7 45. Rxa5 bxa5 46. Kd3 Kxe7 47. c4 Kd6 48. Kc3 Kc6 49. Kd3 Be6 50. Kc3 Bf5 51. Kb3 Bd3 52. Kc3 Be2 53. Kb3 Kb6 54. Kc3 a4 55. c5+ Kb5 56. Kd2 Bf3 57. Ke3 Bd5 58. Kf4 Kc4 59. Ke5 Bg2 60. Kd6 Kxd4 1-0

[Event "Krapina op"]
[Site "Krapina"]
[Date "2011.07.13"]
[Round "7"]
[White "Turk, Karlo"]
[Black "Kozina, Zdenko"]
[Result "1-0"]
[WhiteElo "2027"]
[BlackElo "1920"]
[PlyCount "57"]
[EventDate "2011.06.29"]
[EventType "swiss"]
[EventRounds "9"]
[EventCountry "CRO"]
[SourceTitle "EXT 2012"]
[Source "ChessBase"]
[SourceDate "2011.11.24"]
[SourceVersion "1"]
[SourceVersionDate "2011.11.24"]
[SourceQuality "1"]

1. d4 d5 2. Bg5 Nd7 3. e3 Ngf6 4. Nf3 e6 5. c4 c6 6. Nc3 Qa5 7. Bxf6 Nxf6 8. Bd3 Bb4 9. Qb3 dxc4 10. Bxc4 Nd5 11. Bxd5 exd5 12. 0-0 0-0 13. Ne5 Rb8 14. a3 Bd6 15. f4 Re8 16. Rf3 f6 17. Ne4 Bf8 18. Nxf6+ gxf6 19. Rg3+ Bg7 20. Nxc6 bxc6 21. Qxb8 Kf7 22. Rc1 Qd2 23. Qc7+ Re7 24. Rxg7+ Kxg7 25. Qxe7+ Kg6 26. Rf1 Ba6 27. f5+ Kh6 28. Qxf6+ Kh5 29. g4+ 1-0

[Event "Hum na Sutli op"]
[Site "Hum na Sutli"]
[Date "2010.11.25"]
[Round "6"]
[White "Zivkovic, Elvis"]
[Black "Kozina, Zdenko"]
[Result "0-1"]
[WhiteElo "1672"]
[BlackElo "1948"]
[PlyCount "82"]
[EventDate "2010.11.20"]
[EventType "swiss"]
[EventRounds "9"]
[EventCountry "CRO"]
[SourceTitle "CBM 139 Extra"]
[Source "ChessBase"]
[SourceDate "2011.01.05"]
[SourceVersion "1"]
[SourceVersionDate "2011.01.05"]
[SourceQuality "1"]

1. d4 d5 2. c4 e6 3. Nc3 Nf6 4. Nf3 c6 5. Bf4 Bd6 6. e3 Bxf4 7. exf4 dxc4 8. Bxc4 b5 9. Bb3 Bb7 10. 0-0 0-0 11. Ng5 Qd6 12. Qf3 Nbd7 13. Nxb5 cxb5 14. Qxb7 Rfb8 15. Qf3 h6 16. Ne4 Qxd4 17. Nc3 a6 18. Rad1 Qc5 19. Ne4 Nxe4 20. Qxe4 Nf6 21. Qf3 Rd8 22. Rc1 Qb6 23. Rc6 Qd4 24. Rfc1 Nd5 25. f5 Ne7 26. Rc7 Nxf5 27. g4 Nd6 28. Rd1 Qe4 29. Qg3 Nc4 30. Rxd8+ Rxd8 31. Rxf7 Kxf7 32. Qc7+ Ke8 33. Qxg7 Rd2 34. Qg8+ Ke7 35. Qg7+ Kd6 36. Qf8+ Kc7 37. Qc5+ Kb7 38. h3 Qe1+ 39. Kg2 Ne3+ 40. Kf3 Rxf2+ 41. Ke4 Nd5+ 0-1

[Event "Hum na Sutli op"]
[Site "Hum na Sutli"]
[Date "2010.11.22"]
[Round "3"]
[White "Kozina, Zdenko"]
[Black "Jelecevic, Ivo"]
[Result "1-0"]
[WhiteElo "1948"]
[BlackElo "2233"]
[PlyCount "35"]
[EventDate "2010.11.20"]
[EventType "swiss"]
[EventRounds "9"]
[EventCountry "CRO"]
[SourceTitle "CBM 139 Extra"]
[Source "ChessBase"]
[SourceDate "2011.01.05"]
[SourceVersion "1"]
[SourceVersionDate "2011.01.05"]
[SourceQuality "1"]

1. d4 Nf6 2. c4 e6 3. Nc3 Bb4 4. Nf3 0-0 5. Bg5 d6 6. e3 Nbd7 7. Bd3 h6 8. Bh4 e5 9. Qc2 Re8 10. e4 exd4 11. a3 Bxc3+ 12. bxc3 dxc3 13. 0-0 Nc5 14. Rfe1 Bg4 15. Qxc3 Bxf3 16. gxf3 Nfxe4 17. Bxd8 Raxd8 18. fxe4 1-0

[Event "Sentjur Ipavec Memorial 11th"]
[Site "Sentjur"]
[Date "2010.09.23"]
[Round "9"]
[White "Kozina, Zdenko"]
[Black "Skuhala, Luka"]
[Result "0-1"]
[WhiteElo "1948"]
[BlackElo "1799"]
[PlyCount "72"]
[EventDate "2010.09.17"]
[EventType "swiss"]
[EventRounds "9"]
[EventCountry "SLO"]
[SourceTitle "CBM 138 Extra"]
[Source "ChessBase"]
[SourceDate "2010.10.29"]
[SourceVersion "1"]
[SourceVersionDate "2010.10.29"]
[SourceQuality "1"]

1. d4 Nf6 2. c4 e6 3. Nc3 Bb4 4. e3 b6 5. Bd3 Bb7 6. Nf3 0-0 7. 0-0 d6 8. Re1 Nbd7 9. e4 e5 10. a3 Bxc3 11. bxc3 h6 12. a4 Re8 13. Qc2 a5 14. Nh4 exd4 15. cxd4 Nxe4 16. Nf5 Qf6 17. Nxh6+ gxh6 18. Bxe4 Bxe4 19. Rxe4 Qxd4 20. Rxe8+ Rxe8 21. Bb2 Qe4 22. Qc1 Kh7 23. g3 Ne5 24. Bxe5 Rxe5 25. Qc3 Rc5 26. Rc1 d5 27. Re1 Rxc4 28. Qd2 Qd4 29. Qe2 Qe4 30. Qd2 Qf5 31. f4 Rxa4 32. Re2 c5 33. g4 Qxg4+ 34. Rg2 Qxf4 35. Qc2+ Qe4 36. Qc1 Qd4+ 0-1

[Event "Sentjur Ipavec Memorial 11th"]
[Site "Sentjur"]
[Date "2010.09.21"]
[Round "7"]
[White "Kozina, Zdenko"]
[Black "Vrhovnik, Damir"]
[Result "1/2-1/2"]
[WhiteElo "1948"]
[BlackElo "2066"]
[PlyCount "59"]
[EventDate "2010.09.17"]
[EventType "swiss"]
[EventRounds "9"]
[EventCountry "SLO"]
[SourceTitle "CBM 138 Extra"]
[Source "ChessBase"]
[SourceDate "2010.10.29"]
[SourceVersion "1"]
[SourceVersionDate "2010.10.29"]
[SourceQuality "1"]

1. d4 Nf6 2. c4 c5 3. e3 g6 4. Nf3 Bg7 5. Be2 0-0 6. 0-0 cxd4 7. exd4 d5 8. Nc3 Nc6 9. h3 b6 10. Bg5 dxc4 11. Bxc4 Bb7 12. Re1 h6 13. Bh4 Na5 14. Be2 Rc8 15. Rc1 e6 16. Ne5 Nc6 17. Bf3 Ba8 18. Nxc6 Bxc6 19. Bxc6 Rxc6 20. Qf3 Rc8 21. Rcd1 g5 22. Bg3 Nd5 23. Be5 Nxc3 24. bxc3 Qd5 25. Qxd5 exd5 26. Bxg7 Kxg7 27. Re7 Rxc3 28. Rxa7 Rc2 29. Rd7 Rxa2 30. Rxd5 1/2-1/2